000 00787nam a2200277Ia 4500
005 20260324120319.0
008 008 260324s9999 xx 000 0 eng d
020 _a9788743802815
037 _aEBOOK
040 _aCRL
040 _beng
040 _cCRL
041 _2eng
041 _aeng
084 _qCRL
100 _aFrancois Barthelat; Chad Korach; Pablo Zavattieri; Barton C. Prorok
_91158080
245 0 _aMechanics of Biological Systems and Materials, Volume 7
245 0 _bProceedings of the 2014 Annual Conference on Experimental and Applied Mechanics
260 _bTaylor and Francis
260 _c2015
365 _a
856 _uhttp://www.taylorfrancis.com/books/9788743802815
942 _cEBOOK
999 _c1749540
_d1749540